| 000 | 00837cam a22002653a 4500 | ||
|---|---|---|---|
| 001 | 4732 | ||
| 003 | PGUSA | ||
| 005 | 20140828083106.0 | ||
| 008 | 031201s2003||||xxu|||||s|||||000 | eng d | ||
| 040 |
_aPGUSA _beng |
||
| 042 | _adc | ||
| 050 | 4 | _aDS | |
| 100 | 1 |
_aWellhausen, Julius, _d1844-1918 |
|
| 245 | 1 | 0 |
_aProlegomena to the History of Israel _h[electronic resource] / _cJulius Wellhausen |
| 260 |
_bProject Gutenberg, _c2003 |
||
| 506 | _aPublic domain in the USA. | ||
| 516 | _aElectronic text | ||
| 653 | _aBible. Old Testament -- Criticism, interpretation, etc. | ||
| 653 | _aJews -- History -- To 70 A.D. | ||
| 653 | _aJudaism -- History -- To 70 A.D. | ||
| 740 | 0 | _aProlegomena zur Geschichte Israels. English | |
| 830 | 0 |
_aProject Gutenberg _v4732 |
|
| 856 | 4 | 0 | _uhttp://www.gutenberg.org/ebooks/4732 |
| 942 | _cEB | ||
| 999 |
_c234061 _d234061 |
||